[Event "Alegre op"]
[Site "Alegre"]
[Date "2024.03.10"]
[Round "5"]
[White "Strapazon, Alice Kubiczewski"]
[Black "Franco, Paulo Henrique Fra"]
[Result "1-0"]
[WhiteElo "1799"]
[BlackElo "1795"]
[PlyCount "73"]
[EventDate "2024.03.08"]
[EventType "swiss"]
[EventRounds "5"]
[EventCountry "BRA"]
[SourceTitle "CB12_2024"]
[SourceDate "2023.10.01"]
[SourceVersion "1"]
[SourceVersionDate "2023.10.01"]
[SourceQuality "1"]

1. c4 c5 2. g3 Nc6 3. Bg2 e6 4. Nc3 f5 5. Nf3 Nf6 6. d4 cxd4 7. Nxd4 Bb4 8. 0-0 Bxc3 9. bxc3 0-0 10. Nb5 Ne8 11. Bf4 a6 12. Nd4 e5 13. Nxc6 bxc6 14. Bxc6 Ra7 15. Bxe5 d6 16. c5 Kh8 17. cxd6 Bb7 18. Bxe8 Rxe8 19. Bxg7+ Kxg7 20. Qd4+ Kf7 21. Qxa7 Qd7 22. Rab1 Bc6 23. Qxd7+ Bxd7 24. c4 Rc8 25. Rfc1 Ke6 26. c5 Bc6 27. Rb6 Bb5 28. Rd1 Kd7 29. Rb7+ Ke6 30. d7 Rd8 31. Rb6+ Ke7 32. c6 Bxe2 33. Re1 Kd6 34. Rxe2 Kc7 35. Rxa6 Rb8 36. Re8 Rb1+ 37. Kg2 1-0

[Event "Alegre op"]
[Site "Alegre"]
[Date "2024.03.09"]
[Round "3"]
[White "Liesenfeld, Marcelo Leonardo"]
[Black "Franco, Paulo Henrique Fra"]
[Result "1-0"]
[WhiteElo "1641"]
[BlackElo "1795"]
[PlyCount "105"]
[EventDate "2024.03.08"]
[EventType "swiss"]
[EventRounds "5"]
[EventCountry "BRA"]
[SourceTitle "CB12_2024"]
[SourceDate "2023.10.01"]
[SourceVersion "1"]
[SourceVersionDate "2023.10.01"]
[SourceQuality "1"]

1. e4 e5 2. Bc4 d6 3. Nc3 Nf6 4. d4 exd4 5. Qxd4 Nc6 6. Qd1 Ne5 7. Bb3 Bg4 8. Nge2 c6 9. 0-0 Be7 10. h3 Bh5 11. Be3 b5 12. f4 Ned7 13. g4 Nxg4 14. hxg4 Bxg4 15. Qd4 0-0 16. Qd2 Qc7 17. Nd1 Bh4 18. Nf2 Bf3 19. Qd3 Nf6 20. Nc3 b4 21. Ncd1 Rad8 22. Bd4 Bh5 23. Bxf6 Bxf6 24. c3 a5 25. Bc2 Be7 26. Qh3 g6 27. cxb4 axb4 28. Nh1 Qb6+ 29. Ndf2 Be2 30. Rfe1 Bc4 31. Bb3 Bxb3 32. Qxb3 c5 33. Rad1 Bf6 34. a3 Bd4 35. axb4 cxb4 36. Kg2 Bc5 37. Ng4 Bd4 38. Ng3 Bg7 39. f5 Bd4 40. f6 h5 41. Nh6+ Kh7 42. Nxf7 Rd7 43. Ng5+ Kh6 44. Ne6 Rxf6 45. Nxd4 Re7 46. Qe3+ Kh7 47. Rf1 Rxf1 48. Rxf1 Rd7 49. Qf2 Qd8 50. Ne6 Qg8 51. Ng5+ Kg7 52. Qf6+ Kh6 53. Nf5# 1-0